University Home | Library Home | Institutional Repository

Early biographical writings of Dr. Johnson / (Record no. 84379)

MARC details
000 -LEADER
fixed length control field 00533cam1a220015700 4500
001 - CONTROL NUMBER
control field tmp15348785
003 - CONTROL NUMBER IDENTIFIER
control field UPRA
005 - DATE AND TIME OF LATEST TRANSACTION
control field 20190816095432.0
035 ## - SYSTEM CONTROL NUMBER
System control number (Sirsi) r125104
050 ## - LIBRARY OF CONGRESS CALL NUMBER
Classification number PR 2602 JOH 1973
008 - FIXED-LENGTH DATA ELEMENTS--GENERAL INFORMATION
fixed length control field 950801s1973 enk deng u
100 1# - MAIN ENTRY--PERSONAL NAME
Personal name Johnson, Ben.
Linkage A93326.1
245 10 - TITLE STATEMENT
Title Early biographical writings of Dr. Johnson /
Statement of responsibility, etc. with an introduction by J.D. Fleeman.
260 ## - PUBLICATION, DISTRIBUTION, ETC.
Place of publication, distribution, etc. [Farnborough] :
Name of publisher, distributor, etc. Gregg International Pub.,
Date of publication, distribution, etc. [1973]
700 1# - ADDED ENTRY--PERSONAL NAME
Personal name Fleeman, J. D. (John David)
Fuller form of name Fleeman, J. D. (John David)
Linkage A93327.1

No items available.

© 2026 - The University of Zambia Library - Koha v25.11